| 000 | 00446nam a2200145Ia 4500 | ||
|---|---|---|---|
| 008 | 221007s9999 xx 000 0 und d | ||
| 041 | _aeng | ||
| 082 | _bSAP | ||
| 100 |
_aSapna Khariwal - 2k151144; Prof.Manasi Javadekar - Guide & L & T Limited _9105081 |
||
| 245 | 2 | _aA Study On Trainings Conducted In L&t To Understand Empolyees | |
| 260 |
_c2015 _bSavitribai Phule Pune University _aPune |
||
| 300 | _a53p | ||
| 440 | _v1 | ||
| 906 | _bGeneral | ||
| 999 |
_c79981 _d79981 |
||